[Event "Belgrade-chT Quality"]
[Site "Belgrade"]
[Date "2021.10.30"]
[Round "6.3"]
[White "Radovic, Goran"]
[Black "Jakovljevic, Vladimir"]
[Result "1/2-1/2"]
[WhiteElo "1937"]
[BlackElo "1951"]
[PlyCount "20"]
[EventDate "2021.10.16"]
[EventType "team-tourn"]
[EventRounds "11"]
[EventCountry "SRB"]
[SourceTitle "EXT 2023"]
[Source "ChessBase"]
[SourceDate "2022.10.05"]
[SourceVersion "1"]
[SourceVersionDate "2022.10.05"]
[SourceQuality "1"]
[WhiteTeam "Belgrade Sremcica"]
[BlackTeam "Belgrade Cirilo i Metodije"]
[WhiteTeamCountry "SRB"]
[BlackTeamCountry "SRB"]

1. d4 Nf6 2. Nf3 e6 3. c4 c5 4. d5 exd5 5. cxd5 d6 6. Nc3 g6 7. e4 Bg7 8. Be2 0-0 9. 0-0 a6 10. a4 Bg4 1/2-1/2

[Event "Belgrade-chT Quality"]
[Site "Belgrade"]
[Date "2021.10.24"]
[Round "4.4"]
[White "Jakovljevic, Vladimir"]
[Black "Dimitrijevic, Paul"]
[Result "1-0"]
[WhiteElo "1951"]
[BlackElo "1984"]
[PlyCount "71"]
[EventDate "2021.10.16"]
[EventType "team-tourn"]
[EventRounds "11"]
[EventCountry "SRB"]
[SourceTitle "EXT 2023"]
[Source "ChessBase"]
[SourceDate "2022.10.05"]
[SourceVersion "1"]
[SourceVersionDate "2022.10.05"]
[SourceQuality "1"]
[WhiteTeam "Belgrade Cirilo i Metodije"]
[BlackTeam "Belgrade Novi"]
[WhiteTeamCountry "SRB"]
[BlackTeamCountry "SRB"]

1. d4 Nf6 2. c4 e6 3. Nc3 d5 4. Nf3 c6 5. Bg5 Nbd7 6. e3 Qa5 7. Nd2 dxc4 8. Bxf6 Nxf6 9. Nxc4 Qc7 10. Bd3 Be7 11. Qe2 0-0 12. Rc1 c5 13. 0-0 cxd4 14. Nb5 Qb8 15. Nxd4 Rd8 16. f4 g6 17. b4 Bxb4 18. g4 Bc5 19. Nb3 Be7 20. e4 Nxg4 21. Bb1 b5 22. Nca5 Qb6+ 23. Kh1 Ne3 24. Rc6 Nxf1 25. Rxb6 axb6 26. Nc6 Rd7 27. Nxe7+ Rxe7 28. Qxf1 Bd7 29. Qf2 Rb8 30. Nd4 Rc8 31. Bd3 Rc5 32. Qb2 Bc8 33. Nb3 Rh5 34. Be2 Rh3 35. Qf6 Rd7 36. Bxb5 1-0

[Event "Belgrade-chT Quality"]
[Site "Belgrade"]
[Date "2021.10.16"]
[Round "1.4"]
[White "Jovanovic, Dejan R"]
[Black "Jakovljevic, Vladimir"]
[Result "1-0"]
[WhiteElo "1951"]
[BlackElo "1951"]
[PlyCount "155"]
[EventDate "2021.10.16"]
[EventType "team-tourn"]
[EventRounds "11"]
[EventCountry "SRB"]
[SourceTitle "EXT 2023"]
[Source "ChessBase"]
[SourceDate "2022.10.05"]
[SourceVersion "1"]
[SourceVersionDate "2022.10.05"]
[SourceQuality "1"]
[WhiteTeam "Belgrade Obrenovac"]
[BlackTeam "Belgrade Cirilo i Metodije"]
[WhiteTeamCountry "SRB"]
[BlackTeamCountry "SRB"]

1. d4 Nf6 2. Nf3 e6 3. Bf4 c5 4. c3 a6 5. e3 Nc6 6. h3 Be7 7. Be2 0-0 8. 0-0 b5 9. Nbd2 Qb6 10. a3 Bb7 11. dxc5 Qxc5 12. Nb3 Qb6 13. Nfd4 Rfd8 14. Bg3 Ne4 15. Bh2 d6 16. Bf3 Ne5 17. Be2 Bd5 18. Nd2 Bf6 19. N2f3 Rac8 20. Qc2 Nc4 21. Rfd1 g6 22. Bf1 e5 23. Bxc4 Rxc4 24. Nb3 Bb7 25. Ne1 a5 26. Nd2 Nxd2 27. Rxd2 b4 28. Qb3 Qc6 29. cxb4 axb4 30. axb4 Qb5 31. Qa4 Qxa4 32. Rxa4 Rc1 33. Kf1 Bc6 34. Ra5 Rb8 35. Rxd6 Be7 36. Rxc6 Rxc6 37. Bxe5 Bd6 38. Nd3 Bxe5 39. Rxe5 Rd8 40. Rc5 Rcd6 41. Ne1 Rd1 42. Rc2 R8d2 43. Rxd2 Rxd2 44. b3 f5 45. Nf3 Rb2 46. Nd4 Kf7 47. b5 Ke7 48. g3 Kd6 49. Kg2 Ke5 50. Kf3 g5 51. b6 Kd6 52. Nxf5+ Kc6 53. b7 Kxb7 54. Nd6+ Kc6 55. Nf7 Rxb3 56. Nxg5 Rb7 57. h4 Kd5 58. g4 Rg7 59. Nh3 Ke5 60. Kg3 h6 61. f3 Ra7 62. Nf2 Ra3 63. f4+ Kf6 64. Kf3 Ra1 65. Ne4+ Kg7 66. Ng3 Ra5 67. g5 hxg5 68. hxg5 Ra3 69. Kg4 Kf7 70. e4 Re3 71. f5 Kg8 72. Kf4 Ra3 73. e5 Ra4+ 74. Ne4 Ra1 75. e6 Ra5 76. g6 Kg7 77. e7 Ra8 78. Kg5 1-0